000 00807nam a2200253Ia 4500
003 GCL
008 140319s9999 xx 000 0 ara d
040 _aGCL /
_cGCL
082 0 4 _a913.031
_bج ع
100 1 _aجاردنر
245 1 0 _aعلم الاثار /
_cجاردنر
700 1 _aمحمود حمزة (مترجم)
700 1 _aزكى محمد حسن
260 _a[S.N] :
_bلجنة التأليف والترجمة والنشر ،
_c1936
300 _a183 ص
490 _aسلسلة المعارف العامة
_v0
650 0 4 _aالاثار
650 0 4 _aالحضارة الاغريقية
650 0 4 _aالحضارة الرومانية
650 0 4 _aعلم الاثار
650 0 4 _aالحفريات الاثرية
650 0 4 _aالحضارة الشرقية
942 _2ddc
_cBK
999 _c58426
_d58426